Feminist vision or 'Treason Against Men'? : (Record no. 61201)
[ view plain ]
| 000 -LEADER | |
|---|---|
| fixed length control field | 01700nam a22002537a 4500 |
| 005 - DATE AND TIME OF LATEST TRANSACTION | |
| control field | 20120119112242.0 |
| 010 ## - LCCN (DPL NO) | |
| LC control number | B-445429-433 |
| 020 ## - INTERNATIONAL STANDARD BOOK NUMBER | |
| International Standard Book Number | 9788178243429 |
| Terms of availability | 395.00 |
| 035 ## - SYSTEM CONTROL NUMBER | |
| System control number | B-445429-433 |
| 037 ## - SOURCE OF ACQUISITION | |
| Stock number | dpl |
| Source of stock number/acquisition | Allied Pub/Ven |
| 082 ## - DEWEY DECIMAL CLASSIFICATION NUMBER | |
| Classification number | 861.08 |
| 100 ## - MAIN ENTRY--PERSONAL NAME | |
| Personal name | Kosambi, Meera |
| 245 ## - TITLE STATEMENT | |
| Title | Feminist vision or 'Treason Against Men'? : |
| Remainder of title | Kashibai kanitkar and the Engendering of Marathi Literature / |
| Statement of responsibility, etc | translated and edited by Meera Kosambi |
| 260 ## - PUBLICATION, DISTRIBUTION, ETC. (IMPRINT) | |
| Place of publication, distribution, etc | Ranikhet |
| Name of publisher, distributor, etc | Permanent Black |
| Date of publication, distribution, etc | 2011 |
| 270 ## - ADDRESS | |
| Address | Himalayana, Mall Road, Ranikhet Cantt, |
| City | Ranikhet |
| Postal code | 263645 |
| 300 ## - PHYSICAL DESCRIPTION | |
| Extent | 339p. |
| Other physical details | ill. |
| Dimensions | 22cm.(pbk) |
| 942 ## - ADDED ENTRY ELEMENTS (KOHA) | |
| Source of classification or shelving scheme | Dewey Decimal Classification |
| Item type | English Books |
| Call number suffix | FEM |
| Classification part | 861.08 |
| Withdrawn status | Lost status | Not for loan | Collection code | Home library | Current library | Date acquired | Source of acquisition | Cost, normal purchase price | Full call number | Barcode | Copy number | Cost, replacement price | Koha item type |
|---|---|---|---|---|---|---|---|---|---|---|---|---|---|
| Non-fiction | Central Library | Central Library | 06/02/2012 | Allied Pub/1143/26.09.2011/04/15.09.2011/09.11.2011 | 395.00 | 861.08 FEM | B-445429 | 1 | 395.00 | English Books | |||
| Non-fiction | Karol Bagh | Karol Bagh | 06/02/2012 | Allied Pub/1143/26.09.2011/04/15.09.2011/09.11.2011 | 395.00 | 861.08 FEM | B-445432 | 1 | 395.00 | English Books | |||
| Non-fiction | Patel Nagar | Patel Nagar | 06/02/2012 | Allied Pub/1143/26.09.2011/04/15.09.2011/09.11.2011 | 395.00 | 861.08 FEM | B-445430 | 1 | 395.00 | English Books | |||
| Non-fiction | Sarojini Nagar | Sarojini Nagar | 06/02/2012 | Allied Pub/1143/26.09.2011/04/15.09.2011/09.11.2011 | 395.00 | 861.08 FEM | B-445431 | 1 | 395.00 | English Books | |||
| Non-fiction | Shahdara Branch | Shahdara Branch | 06/02/2012 | Allied Pub/1143/26.09.2011/04/15.09.2011/09.11.2011 | 395.00 | 861.08 FEM | B-445433 | 1 | 395.00 | English Books |
